• 首页
  • 本馆介绍
  • 公告通知
  • 最新文献
  • 馆藏检索
  • 电子资源
  • 读者导购
  • 参考咨询
  • 我的图书馆
  • 登录
  • 详细信息显示
  • 放入我的书架
  • 预约/预借图书
  • 作者相关作品
  • 分类相关作品
  • 丛书相关作品
  • 出版社相关作品

书目信息

  • 表格格式
  • 工作单格式
  • 卡片格式
题名:
生物奇谜
    
 
作者: ;灵犀工作室 编著
分册:  
出版信息: 青岛   青岛出版社  2007
页数: 198页
开本: 24cm
丛书名: 探索与发现丛书
单 册:
中图分类: Q-49
科图分类:
主题词: 生物学--青年读物 , 生物学
电子资源:
ISBN: 978-7-5436-3307-0
000 00964oam2 2200289 450
001 003085065
005 20070807161723.42
010    @a978-7-5436-3307-0@dCNY19.80
035    @a003085065
100    @a20070210d2007 em y0chiy0110 ea
101 0  @achi
102    @aCN@b370000
105    @aa z 000yy
106    @ar
200 1  @a生物奇谜@Asheng wu qi mi@f灵犀工作室编著@Fling xi gong zuo shi bian zhu
205    @a2版
210    @a青岛@c青岛出版社@d2007
215    @a198页@c图,照片@d24cm
225 2  @a探索与发现丛书@Atan suo yu fa xian cong shu
330    @a本书以最能引发青少年好奇心的“谜”和“奇”为切入点,全方位、多角度地介绍了大千世界生物领域的各种奇迹、奇观、奇特现象、奇异发现以及种种令人费解的未解之谜。
461  0 @1001003095513@12001 @a探索与发现丛书
606 0  @a生物学@j青年读物
606 0  @a生物学
690    @aQ-49@v4
711 02 @a灵犀工作室@Aling xi gong zuo shi@4编著
801  0 @aCN@bNLC@c20070807
905    @dQ-49@e146=2@f3
    
    生物奇谜/灵犀工作室编著.-2版.-青岛:青岛出版社,2007
    198页:图,照片;24cm.-(探索与发现丛书)
    
    
    ISBN 978-7-5436-3307-0:CNY19.80
    本书以最能引发青少年好奇心的“谜”和“奇”为切入点,全方位、多角度地介绍了大千世界生物领域的各种奇迹、奇观、奇特现象、奇异发现以及种种令人费解的未解之谜。
●
相关链接 在E读中查询图书 在五车中查询图书 在当当中查询图书 在豆瓣中查询图书


正题名:生物奇谜     索取号:Q-49/146=2         预约/预借

序号 登录号 条形码 馆藏地/架位号 状态 备注
1 0853121   208531212   第二样本阅览室/ [索取号:Q-49/146=2] 在馆    
2 0853122   208531221   第三借阅区/ [索取号:Q-49/146=2] 在馆    
3 0853123   208531230   第三借阅区/ [索取号:Q-49/146=2] 在馆    
唐山师范学院图书馆 欢迎您!
大连网信软件有限公司© 版权所有